01009nam a22002177a 4500003000400000008004100004020001800045082001500063100002700078245005000105250000800155260003300163300000800196650002700204700002000231942001200251999001700263952017100280952017000451952017000621OSt250211b |||||||| |||| 00| 0 eng d a9789390846412 a615.19 CHC aChittipolu, Ajay kumar aComputer Aided Drug Design and Tool Directory aIst aNew DelhibAkinik Pub.c2021 a160 aComputer aided design  aSreepada, Divya 2ddccBK c13078d13078 00102ddc40708BPaPIETbPIETd2025-02-08eZafaa Books DistributresfIn Rupeesg835.00kZBDO470l0o615.19 CHCpBP2633r2025-02-11 00:00:00v709.75w2025-02-06yREF 00102ddc40708BPaPIETbPIETd2025-02-08eZafaa Books DistributresfIn Rupeesg835.00kZBDO470l0o615.19 CHCpBP2634r2025-02-11 00:00:00v709.75w2025-02-06yBK 00102ddc40708BPaPIETbPIETd2025-02-08eZafaa Books DistributresfIn Rupeesg835.00kZBDO470l0o615.19 CHCpBP2635r2025-02-11 00:00:00v709.75w2025-02-06yBK